000 00320nam a22001337a 4500
003 SGT
082 _a612.012
_bC03S
100 _aSHARMA, PRIYAVRAT
245 _aCHAKRADATTA- RATNAPRABHA
260 _aDELHI
_bKENDRIYA AYURVEDA EVAM SIDH ANUSANDHAN PARISADH
_c2003
300 _a166
650 _aAYURVEDA
942 _2ddc
_cBK
999 _c8671
_d8671